ANDERSON PATHOLOGY (Record no. 3284)
[ view plain ]
| 000 -LEADER | |
|---|---|
| fixed length control field | 00334nam a2200145Ia 4500 |
| 008 - FIXED-LENGTH DATA ELEMENTS--GENERAL INFORMATION | |
| fixed length control field | 150201s1971 xx 000 0 und d |
| 082 ## - DEWEY DECIMAL CLASSIFICATION NUMBER | |
| Classification number | 616.07 |
| Item number | A1971A |
| 100 ## - MAIN ENTRY--PERSONAL NAME | |
| Personal name | ANDERSON,W.A.D. |
| 245 ## - TITLE STATEMENT | |
| Title | ANDERSON PATHOLOGY |
| 250 ## - EDITION STATEMENT | |
| Edition statement | 6TH |
| 260 ## - PUBLICATION, DISTRIBUTION, ETC. (IMPRINT) | |
| Name of publisher, distributor, etc. | MOSBY |
| Place of publication, distribution, etc. | DELHI |
| Date of publication, distribution, etc. | 1971 |
| 300 ## - PHYSICAL DESCRIPTION | |
| Extent | 875-1862 |
| 650 ## - SUBJECT ADDED ENTRY--TOPICAL TERM | |
| Topical term or geographic name as entry element | PATHOLOGY |
| 942 ## - ADDED ENTRY ELEMENTS (KOHA) | |
| Source of classification or shelving scheme | Dewey Decimal Classification |
| Koha item type | Books |
| Withdrawn status | Lost status | Source of classification or shelving scheme | Damaged status | Not for loan | Home library | Current library | Date acquired | Source of acquisition | Serial Enumeration / chronology | SGTU | Bill Number | Total Checkouts | Full call number | Barcode | Date last seen | Bill Date | Koha item type |
|---|---|---|---|---|---|---|---|---|---|---|---|---|---|---|---|---|---|
| Dewey Decimal Classification | SGT Dental Library | SGT Dental Library | 09/05/2005 | PANKAJ DHAWAN | 2 | SGTU | DONATED | 616.07 A1971A | FD3440 | 09/02/2015 | 10/05/2012 | Books | |||||
| Dewey Decimal Classification | SGT Dental Library | SGT Dental Library | 09/05/2005 | PANKAJ DHAWAN | 1 | SGTU | DONATED | 616.07 A1971A | FD3441 | 09/02/2015 | 10/05/2012 | Books |